00833nam a2200241Ia 4500001000600000003000900006008004100015040001300056040001300069041001300082100002400095100002900119245003200148245009800180250001100278260000900289260003700298260004900335300005700384500008900441650003000530650003100560B4533IT-RoPAU130308s9999 xx 000 0 und d aIT-RoPAU cIT-RoPAU aITALIANO aMartini Carlo Maria gCodice Aut. SPICS: 18349 aUn patrimonio da accrescere bInformazione e Territorio-I venticinque Anni della federazione Italiana settimanali Cattolici a1a ed. aROMA bFederaz. Ital. Settim. Cattolici c1992 [1° Ed.:1992 - Ed.Ling.Originale:1992] a"4 p. (prefazione: no ; testo: 4 [pagine: 185-188])" aEtica Pastorale Spiritualità del Comunicare. Dalla buona Stampa Alla Stampa Buona. aGENERI DI STAMPA DI MASSA eCodice materia Spics: 6660